| 000 | 02263nam0a22003011 4500 | ||
|---|---|---|---|
| 001 | v19\rc\1348059 | ||
| 005 | 20260405182130.0 | ||
| 035 | _a(NLR Aleph) 005210253 | ||
| 090 |
_a5400919 _c5400919 |
||
| 100 | _a20060512d1861 |||y0rusy50 ca | ||
| 101 | 0 | _arus | |
| 102 | _aRU | ||
| 105 | _ay z |||a| | ||
| 200 | 1 |
_aРассказы Н.В. Успенского _e[Ч. 1-2] |
|
| 210 |
_aСанкт-Петербург _cтип. К. Вульфа _d1861 |
||
| 215 |
_a332, [4], 232, [1] с. _d20 |
||
| 309 | _aЧ. 2 имеет отд. тит. л. | ||
| 327 | 1 | _aСодерж.: Ч. 1. Старуха. Крестины. Поросенок. Хорошее житье. Сцены из сельского праздника: I. Петровна и Сергеевна. II. Конторщик и садовник. III. Гулянье. Грушка. Змей. Ночь под светлый день. Сельская аптека. Ч. 2. Бобыль. Обед у приказчика. Дорожные сцены. Ужин. Деревенская газета. Вечер. Обоз. Брусилов. Летний день. Зимний вечер. На пути. Проезжий | |
| 464 | 0 |
_12001#$aСтаруха$aКрестины$aПоросенок$aХорошее житье$aСцены из сельского праздника$hI$iПетровна и Сергеевна$hII$iКонторщик и садовник$hIII$iГулянье$aГрушка$aЗмей$aНочь под светлый день$aСельская аптека$aБобыль$aОбед у прикащика$aДорожные сцены$aУжин$aДеревенская газета$aВечер$aОбоз$aБрусилов$aЛетний день$aЗимний вечер$aНа пути$aПроезжий _tПроезжий |
|
| 532 | 1 | 0 | _aРассказы Николая Васильевича Успенского |
| 700 | 1 |
_7ca _8rus _aУспенский _bН. В. _cписатель _f1837-1889 _gНиколай Васильевич _961826 _3RU\NLR\AUTH\7778898 |
|
| 801 | 2 |
_aRU _bNLR _c20090723 _2rusmarc |
|
| 801 | 0 |
_aRU _bNLR _c20060512 _gpsbo |
|
| 801 | 0 |
_aRU _bRuMoRGB _c20060512 _2psbo |
|
| 801 | 1 |
_aRU _bProSoft-M _c20060512 _2rusmarc |
|
| 852 |
_aNLR _j18.259.2.1 |
||
| 942 | _cBOOK | ||
| 980 | _aNB | ||